000 00437ntaaa2200181 4500
003 01
005 20251027201641.0
008 0714s1973 ag 01
040 _aAR-BaBN
_bspa
_cAR-BaBN
_eaacr
_dRIC
082 _a232.1000 Sch6j
100 _aScholl, Norbert
_915231
245 _aJesús,¿solo un hombre?
250 _a1 ed.
260 _aSalamanca :
_bSígueme,
_c1974
300 _a95 p
650 _acristología
_91723
942 _cBK
999 _c11219
_d11219